Busqueda y plasmación de nuestra personalidad : (Record no. 7520)
[ view plain ]
| 000 -CABECERA | |
|---|---|
| campo de control de longitud fija | 00683cam a2200169 a 4500 |
| 001 - NÚMERO DE CONTROL | |
| campo de control | 000007742 |
| 005 - FECHA Y HORA DE LA ÚLTIMA TRANSACCIÓN | |
| campo de control | 20200929154301.0 |
| 008 - DATOS DE LONGITUD FIJA--INFORMACIÓN GENERAL | |
| campo de control de longitud fija | 810805s1958 pr 000 0 spa |
| 040 ## - FUENTE DE LA CATALOGACIÓN | |
| Centro catalogador/agencia de origen | DO-SdBNP |
| Lengua de catalogación | spa |
| Centro/agencia transcriptor | BNPHU |
| 082 ## - NÚMERO DE LA CLASIFICACIÓN DECIMAL DEWEY | |
| Número de clasificación | PR864.42 |
| Número de documento/Ítem | R666b |
| 100 1# - ENTRADA PRINCIPAL--NOMBRE DE PERSONA | |
| Nombre de persona | Robles de Cardona, Mariana. |
| 9 (RLIN) | 21431 |
| 245 10 - MENCIÓN DE TÍTULO | |
| Título | Busqueda y plasmación de nuestra personalidad : |
| Resto del título | antología crítica del ensayo puertorriqueño desde sus origenes hasta la generación del 30 / |
| Mención de responsabilidad, etc. | Mariana Robles de Cardona. |
| 260 ## - PUBLICACIÓN, DISTRIBUCIÓN, ETC. | |
| Lugar de publicación, distribución, etc. | San Juan, Puerto Rico : |
| Nombre del editor, distribuidor, etc. | Club de la Prensa, |
| Fecha de publicación, distribución, etc. | 1958. |
| 300 ## - DESCRIPCIÓN FÍSICA | |
| Extensión | 415 p. ; |
| Dimensiones | 23 cm. |
| 650 #4 - PUNTO DE ACCESO ADICIONAL DE MATERIA--TÉRMINO DE MATERIA | |
| Término de materia o nombre geográfico como elemento de entrada | Ensayos puertorriqueños |
| 9 (RLIN) | 8892 |
| 650 #4 - PUNTO DE ACCESO ADICIONAL DE MATERIA--TÉRMINO DE MATERIA | |
| Término de materia o nombre geográfico como elemento de entrada | Literatura puertorriqueña |
| Subdivisión general | Bio-bibliography. |
| 9 (RLIN) | 21432 |
| Estado de retiro | Estado de pérdida | Restricciones de uso | No para préstamo | Código de colección | Localización permanente | Ubicación/localización actual | Ubicación en estantería | Fecha de adquisición | Número de inventario | Total de préstamos | Signatura topográfica completa | Código de barras | Fecha visto por última vez | Precio válido a partir de | Tipo de ítem Koha | Número de copia |
|---|---|---|---|---|---|---|---|---|---|---|---|---|---|---|---|---|
| Préstamo interno | Monografías: Libros y Folletos | General | General | En catalogación | 10.09.2009 | LF1 | PR864.42 R666b | 7742-10 | 25.06.2020 | 25.06.2020 | Préstamo interno | |||||
| Préstamo restringido | Préstamo restrigido | Monografías: Libros y Folletos | General | General | En catalogación | 10.09.2009 | LF1 | PR864.42 R666b | 7742-20 | 25.06.2020 | 25.06.2020 | Préstamo interno | e.2 |
